|
|
|
|
| LEADER |
00000nam0a2200000 4500 |
| 001 |
210240 |
| 005 |
20231031192042.0 |
| 035 |
|
|
|a (RuTPU)RU\TPU\book\229622
|
| 090 |
|
|
|a 210240
|
| 100 |
|
|
|a 20120221d1972 k y0rusy50 ca
|
| 101 |
0 |
|
|a rus
|
| 102 |
|
|
|a RU
|
| 105 |
|
|
|a a z 001zy
|
| 200 |
1 |
|
|a Геология и генезис эндогенных рудных формаций Сибири. Вопросы формационного анализа рудных месторождений
|f Академия наук СССР (АН СССР), Сибирское отделение (СО), Институт геологии и геофизики (ИГиГ); под ред. В. А. Кузнецова
|
| 210 |
|
|
|a Москва
|c Наука
|d 1972
|
| 215 |
|
|
|a 236 с.
|c ил.
|
| 320 |
|
|
|a Библиография в конце статей
|
| 610 |
1 |
|
|a рудные месторождения
|
| 610 |
1 |
|
|a Сибирь
|
| 610 |
1 |
|
|a геология
|
| 610 |
1 |
|
|a генезис
|
| 610 |
1 |
|
|a формационный анализ
|
| 610 |
1 |
|
|a ртутные формации
|
| 610 |
1 |
|
|a рудные формации
|
| 610 |
1 |
|
|a геохимическое изучение
|
| 610 |
1 |
|
|a петрология
|
| 610 |
1 |
|
|a минералогия
|
| 675 |
|
|
|a 553.3/4
|v 3
|
| 702 |
|
1 |
|a Кузнецов
|b В. А.
|g Валерий Алексеевич
|4 340
|
| 712 |
0 |
2 |
|a Академия наук СССР (АН СССР)
|b Сибирское отделение (СО)
|b Институт геологии и геофизики (ИГиГ)
|c (Новосибирск)
|2 stltpush
|3 (RuTPU)RU\TPU\col\128
|
| 801 |
|
1 |
|a RU
|b 63413507
|c 20120221
|
| 801 |
|
2 |
|a RU
|b 63413507
|c 20170511
|g RCR
|
| 942 |
|
|
|c BK
|